Lízingovky si zvykajú, že už nemajú monopol na financovanie áut

Banky začali konkurovať lízingovým spoločnostiam pri kúpe auta. Z mnohých lízingových spoločností sa v r. 2005 stali odborníci aj na úvery. Ponuky bánk a ponuky lízingoviek. Háklivé poistné plnenia. Rozdiely medzi finančným lízingom a úverom. Ústretovejšie úvery. Konkurencia a novinky lízingoviek a...

Ausführliche Beschreibung

Gespeichert in:
Bibliographische Detailangaben
1. Verfasser: Brondošová, Jana
Format: Buchkapitel
Sprache:Slowakisch
Schlagworte:
Tags: Tag hinzufügen
Keine Tags, Fügen Sie das erste Tag hinzu!

MARC

LEADER 00000naa$a2200000$$$4500
001 0025780
005 20231009081044.0
041 0 |a slo 
044 |a SK 
245 1 0 |a Lízingovky si zvykajú, že už nemajú monopol na financovanie áut  |c Jana Brondošová 
520 |a Banky začali konkurovať lízingovým spoločnostiam pri kúpe auta. Z mnohých lízingových spoločností sa v r. 2005 stali odborníci aj na úvery. Ponuky bánk a ponuky lízingoviek. Háklivé poistné plnenia. Rozdiely medzi finančným lízingom a úverom. Ústretovejšie úvery. Konkurencia a novinky lízingoviek a bánk. Problémy lízingoviek s ojazdenými autami. 
610 2 0 |a spoločnosti lízingové 
610 2 0 |a banky 
610 2 0 |a lízing 
610 2 0 |a lízing finančný 
610 2 0 |a úver 
610 2 0 |a automobily 
610 2 0 |a konkurencia 
100 1 |a Brondošová, Jana